00982cam a22002775a 45000010009000000050017000090080041000260100017000670200018000840400013001020820019001152450081001342600033002152630009002483000035002575050051002926500026003436500053003696500051004226530022004736500025004957000024005209420012005449990017005569520131005731643402420201128020924.0100826s2010 nyu 000 0 eng  a 2010935725 a9781441958334 aDLCcDLC 222a681.2bWIR10aWireless sensor networks :cElena Gaura.bElena Gaura ... [et al.], editors. aNew York :bSpringer,c2010. a1009 axvi, 290 p. :b ill. ;c25 cm. aIncludes bibliographical references and index. 93056aSensor networks 928981aSensor networksxDesign and construction. 928982aWireless LANsxDesign and construction. bElecFebruary2012 918247aWireless LANs 928983aGaura, Elena 2ddccBB c16482d16482 00102ddc40708AlahramaMAINbMAINc1STd2012-02-16epurchaseg794.00h681l0o681.2 WIRp000026136r2025-07-15 00:00:00yBB